Allemand Kapitel 3.2 - Statistiques

Statistiques générales
  • Ce quiz a été pris 34 fois
  • Le résultat moyen est 17 sur 24
Statistiques - réponses
Français Allemand % Correct
donner geben
100%
le sang das Blut
86%
le médecin Der Arzt
86%
les médecins Die Ärzte
86%
la médecin Die Ärztin
86%
les médecins (f) Die Ärztinnen
86%
la santé Die Gesundheit
86%
en bonne santé / sain(e) gesund
86%
conj. (präsens. perfekt, präteritum) gibt, gab, hat gegeben
86%
aider helfen
86%
prendre nehmen
86%
conj. (präsens. perfekt, präteritum) nimmt, nahm, hat genommen
86%
l'accident der Unfall
71%
les accidents die Unfälle
71%
conj. (präsens. perfekt, präteritum) hilft, half, hat geholfen
71%
faire mal wehtun
71%
la grippe die Grippe
57%
bon rétablissement gute Besserung
57%
faire mal (synonyme) schmerzen
57%
conj. (präsens. perfekt, präteritum) tut weh, tat weh, hat wehgetan
57%
recommander empfehlen
43%
conj. (präsens. perfekt, präteritum) empfiehlt, empfahl, hat empfohlen
29%
se reposer sich ausruhen
29%
se détendre sich entspannen
29%
Aucun quiz correspondant
Distribution des résultats
% des personnes avec chaque résultat
Percentile par nombre de réponses
Votre historique - résultats
Vous n’avez pas pris ce quiz